MARC

LEADER 00000nam0a2200000 4500
001 74888
005 20231031090023.0
010 |a 533900113X 
035 |a (RuTPU)RU\TPU\book\79865 
090 |a 74888 
100 |a 20050315d1988 k y0rusy50 ca 
101 0 |a rus 
102 |a BY 
105 |a a z 001zy 
200 1 |a Вторичные теплоэнергоресурсы и охрана окружающей среды  |f В. В. Харитонов, В. А. Голубев, В. М. Овчинников, В. Л. Лиходиевский 
210 |a Минск  |c Вышэйшая школа  |d 1988 
215 |a 169 с.  |c ил. 
320 |a Библиогр.: с. 166-170. 
610 1 |a химическая технология 
610 1 |a энергетические ресурсы 
610 1 |a вторичные энергоресурсы 
610 1 |a использование 
610 1 |a использование вторичное 
610 1 |a топливо 
610 1 |a охрана 
610 1 |a тепловые насосы 
610 1 |a теплоиспользующие устройства 
610 1 |a окружающая среда 
675 |a 662.99  |v 3 
701 1 |a Харитонов  |b В. В.  |g Валентин Викторович 
701 1 |a Голубев  |b В. А.  |g Виталий Андреевич 
701 1 |a Овчинников  |b В. М.  |g Вячеслав Михайлович 
701 1 |a Лиходиевский  |b В. Л.  |g Валериан Леонидович 
801 1 |a RU  |b 63413507  |c 20050315  |g PSBO 
801 2 |a RU  |b 63413507  |c 20171009  |g PSBO 
942 |c BK